000 01386nam2a2200253 4500
001 rc\2910657
005 20260315054208.0
035 _a(NLR Aleph) 007061394
090 _a13593106
_c13593106
100 _a20110806d1939 u y0rusy50 ca
101 0 _arus
102 _aRU
105 _aab z |||||
200 0 _aВып. 3
_fпроф. А. Дубянский и А. Скоркин
210 _d1939
215 _a16 с., 16 вкл. л. карт. и схем.
_cкарт., схем.
461 0 _1001rc\2910654
_12000#$aГеология и подземные воды северной части Воронежской области$eВып. 1-$fпроф. А. Дубянский$gВоронеж. с.-х. ин-т и Воронеж. обл. земел. отд.$vВып. 3
_1700#1$aДубянский$bА.А.$gАлександр Андреевич$f1880-
_96288934
_aДубянский, А.А. (1880-)
_c[Воронеж]
_d1939
_fпроф. А. Дубянский
_nВоронеж. обл. книгоизд-во
_oВып. 1-
_tГеология и подземные воды северной части Воронежской области
_vВып. 3
700 1 _aДубянский
_bА.А.
_f1880-
_gАлександр Андреевич
701 1 _aСкоркин
_bА.
801 0 _aRU
_bNLR
_gpsbo
801 1 _aRU
_bELAR
_2rusmarc
852 _aNLR
_j39-19/126(3)
942 _cUNSPEC
980 _aNB